Piłkarska kariera Edwina van der Sara. - Statystyki

Ogólne statystyki
  • Ten quiz został rozwiązany 66 razy
  • Średni wynik to 3 z 5
Statystyki odpowiedzi
Lata Drużyna % Poprawnych
2005-2011 Manchester United
96%
1990-1999 Ajax
93%
1999-2001 Juventus
51%
2001-2005 Fulham
31%
1989-1990 Noordwijk
4%
Nie znaleziono quizów pasujących do podanych kryteriów
Rozkład punktacji
Procent ludzi z każdym wynikiem
Percentyl według liczby udzielonych odpowiedzi
Twoja historia wyników
Nie rozwiązałeś tego quizu